000 01178nam a2200337 i 4500
005 20240305165343.0
008 090417s2009 sp || 000 0 spa d
020 _a9788498494242 (O.C.)
020 _a9788498494259 (T.I)
020 _a9788498494266 (T.II)
020 _a9788498494273 (T.III)
035 _a5601 (T.I)
035 _a5602 (T.II)
035 _a5603 (T.III)
040 _aBUS
_dvLex
080 _a347.65/.68(460)
090 _c2206
_d2206
100 1 _aRivas Martínez, Juan José
245 1 0 _aDerecho de sucesiones, común y foral /
_cJuan José Rivas Martínez.
_h[Recurso electrónico]
250 _a4ª ed.
256 _aServicio en línea.
260 _aMadrid :
_bDykinson,
_c2009.
300 _a 3 v. ;
_c25 cm.
650 0 7 _aDerecho foral
_2Tesauro vLex
650 0 7 _2Tesauro vLex
_aDerecho sucesorio
740 0 _avLex Libros (Servicio en línea)
856 4 0 _uhttps://app.vlex.com/#/sources/derecho-sucesiones-comun-foral-tomo-i-5601
856 4 0 _uhttps://app.vlex.com/#/sources/derecho-sucesiones-comun-foral-tomo-ii-5602
856 4 0 _uhttps://app.vlex.com/#/sources/derecho-sucesiones-comun-foral-tomo-iii-5603
942 _cRAA
999 _c160638
_d160638